Dobré mravy v pracovnoprávnych vzťahoch

Dobré mravy sú pomerne diskutovaným pojmom nielen v občianskom práve, ale aj v odvetví pracovného práva. Napriek tomu, že zákon č. 311/2001 Z. z. Zákonník práce v znení neskorších predpisov (ďalej len „Zákonník práce“) tento pojem používa, v texte Zákonníka práce nenájdeme ich definíciu. Dobré mravy...

Descripción completa

Guardado en:
Detalles Bibliográficos
Autor principal: Mičudová, Tatiana
Formato: Capítulo de libro
Lenguaje:eslovaco
Materias:
Etiquetas: Agregar Etiqueta
Sin Etiquetas, Sea el primero en etiquetar este registro!

MARC

LEADER 00000naa a2200000 4500
001 0299934
005 20240417075310.7
041 0 |a slo 
044 |a SK 
245 1 0 |a Dobré mravy v pracovnoprávnych vzťahoch  |c Tatiana Mičudová 
520 |a Dobré mravy sú pomerne diskutovaným pojmom nielen v občianskom práve, ale aj v odvetví pracovného práva. Napriek tomu, že zákon č. 311/2001 Z. z. Zákonník práce v znení neskorších predpisov (ďalej len „Zákonník práce“) tento pojem používa, v texte Zákonníka práce nenájdeme ich definíciu. Dobré mravy predstavujú súbor spoločenských, kultúrnych a mravných pravidiel správania, ktorý zodpovedá všeobecne uznávaným vzájomným vzťahom medzi ľuďmi a mravným princípom spoločenského poriadku. Dobré mravy sú pravidlami morálneho charakteru, na základe ktorých sa uplatňuje a presadzuje vzájomná slušnosť a rešpektovanie. 
610 2 0 |a personalistika 
610 2 0 |a vzťahy pracovnoprávne 
610 2 0 |a zamestnanci 
610 2 0 |a právo 
610 2 0 |a súdy pracovné 
100 1 |a Mičudová, Tatiana